[Event "Challenge"]
[Site "http://www.queenalice.com/game.php?id=369111"]
[Date "2008.3.11"]
[Round "-"]
[White "Powerslave"]
[Black "Mike36bh"]
[Result "1-0"]
[WhiteElo "1738"]
[BlackElo "1746"]

1. d4 d5 2. c4 dxc4 3. e4 b5 4. a4 c6 5. axb5 cxb5 6. Nc3 a6 7. Nxb5 e6 8. Bxc4
Bb7 9. Nc3 Bb4 10. Qa4+ Nc6 11. d5 Bxc3+ 12. bxc3 exd5 13. exd5 Qd6 14. dxc6
Bxc6 15. Qb3 Bxg2 16. Bxf7+ Kd8 17. Bg5+ Nf6 18. Rd1 Qxd1+ 19. Qxd1+ Ke7 20. Bd5
Bxh1 21. Bxa8 Bxa8 22. Bxf6+ gxf6 23. Qg4 Re8 24. Kf1 Bc6 25. Qg7+ Kd6 26. Qxf6+
Re6 27. Qd4+ Bd5 28. c4 Re5 29. cxd5 Rxd5 30. Qb6+ Ke5 31. Qxa6 h5 32. Nf3+ Ke4
33. Qe2+ Kf5 34. Ne1 h4 35. Qh5+ Ke4 36. Qxh4+ Ke5 37. Qh5+ Kd4 38. Qxd5+ Kxd5
39. Kg2 Ke4 40. Kg3 Kf5 41. h4 Kg6 42. Kf4 Kh5 43. Ng2 Kh6 44. Ke5 Kh5 45. f4
Kg4 46. f5 Kg3 47. f6 Kxg2 48. f7 Kg3 49. h5 Kg4 50. h6 1-0

[Event "Let's Play Chess!"]
[Site "http://www.queenalice.com/game.php?id=369120"]
[Date "2008.3.11"]
[Round "-"]
[White "Lightningzap007"]
[Black "Powerslave"]
[Result "0-1"]
[WhiteElo "1776"]
[BlackElo "1774"]

1. e4 e5 2. Nf3 Nf6 3. d4 Nxe4 4. Nxe5 d5 5. Bd3 Nd7 6. O-O Nxe5 7. dxe5 Nc5 8.
Re1 Nxd3 9. Qxd3 c6 10. b3 Bb4 11. Bd2 Bc5 12. Bc3 Qh4 13. Re2 O-O 14. Nd2 f5
15. Nf3 Qh5 16. Bd4 Bxd4 17. Qxd4 Be6 18. Qh4 Qxh4 19. Nxh4 c5 20. f4 b5 21. Nf3
h6 22. h4 d4 23. b4 Bc4 24. Rd2 Rad8 25. bxc5 d3 26. cxd3 Rxd3 0-1

[Event "Let's Play Chess!"]
[Site "http://www.queenalice.com/game.php?id=370127"]
[Date "2008.3.12"]
[Round "-"]
[White "Powerslave"]
[Black "Donidon"]
[Result "1-0"]
[WhiteElo "1754"]
[BlackElo "1865"]

1. c4 Nf6 2. Nc3 d5 3. cxd5 Nxd5 4. g3 Nxc3 5. bxc3 c6 6. Bg2 e5 7. Nf3 Bd6 8.
O-O O-O 9. d4 exd4 10. cxd4 Bg4 11. Qb3 Qd7 12. Ne5 Bxe5 13. dxe5 Na6 14. Rd1
1-0

[Event "Let's Play Chess!"]
[Site "http://www.queenalice.com/game.php?id=376634"]
[Date "2008.3.25"]
[Round "-"]
[White "Powerslave"]
[Black "Augustodombosco"]
[Result "1-0"]
[WhiteElo "1790"]
[BlackElo "1792"]

1. d4 d5 2. c4 e6 3. Nc3 Nf6 4. cxd5 exd5 5. Bg5 Bb4 6. e3 a6 7. Bd3 O-O 8. Ne2
h6 9. Bh4 Nc6 10. a3 Ba5 11. O-O Be6 12. Qc2 Bxc3 13. bxc3 Re8 14. Rab1 b5 15.
e4 g5 16. Bg3 Bg4 17. e5 Bxe2 18. Qxe2 Nd7 19. Qh5 Kg7 20. f4 Rf8 21. f5 f6 22.
Qg6+ Kh8 23. Qxh6+ Kg8 24. e6 Nb6 25. Rf3 Re8 26. Bd6 1-0

[Event "Let's Play Chess!"]
[Site "http://www.queenalice.com/game.php?id=376635"]
[Date "2008.3.25"]
[Round "-"]
[White "Augustodombosco"]
[Black "Powerslave"]
[Result "1-0"]
[WhiteElo "1776"]
[BlackElo "1806"]

1. d4 f5 2. c4 Nf6 3. Nc3 d6 4. Bg5 Ne4 5. Nxe4 fxe4 6. g3 Bf5 7. Bg2 h6 8. Be3
Nc6 9. a3 e5 10. d5 Ne7 11. Qc2 c6 12. dxc6 Nxc6 13. Bxe4 Bxe4 14. Qxe4 Qa5+ 15.
Bd2 Qb6 16. Bc3 O-O-O 17. Nf3 Be7 18. O-O Rhf8 19. e3 Rf7 20. Nh4 Bxh4 21. Qxh4
Kb8 22. b4 Rdf8 23. b5 Na5 24. Bb4 Nxc4 25. Qxc4 Qc7 26. Qxc7+ Rxc7 27. Bxd6 1-0

[Event "Let's Play Chess!"]
[Site "http://www.queenalice.com/game.php?id=449572"]
[Date "2008.8.16"]
[Round "-"]
[White "Powerslave"]
[Black "CampbellMarcel"]
[Result "1-0"]
[WhiteElo "1803"]
[BlackElo "1421"]

1. e4 e5 2. Bc4 Qf6 3. Nf3 d6 4. d3 Be6 5. Bb5+ c6 6. Ba4 h6 7. c4 a6 8. Nc3 b5
9. Bc2 bxc4 10. dxc4 Bxc4 11. Bd3 d5 12. exd5 cxd5 13. Qa4+ Qc6 14. Nxe5 Qxa4
15. Nxa4 Bb4+ 16. Nc3 Bxd3 17. Nxd3 Ba5 18. Bd2 Nf6 19. O-O d4 20. Rfe1+ Kf8 21.
Ne4 Bxd2 22. Nxd2 Nc6 23. Rac1 Ne7 24. Rc7 Ned5 25. Rc5 g5 26. Re5 Nd7 27. Rexd5
Nxc5 28. Rxc5 Kg7 29. Rd5 Rhd8 30. Rxd8 Rxd8 31. Nb3 f5 32. Kf1 Kf6 33. Ke2 h5
34. f3 Re8+ 35. Kd2 Re3 36. Nxd4 Re8 37. b4 g4 38. a4 Rd8 39. Ne2 gxf3 40. gxf3
Rg8 41. Ne1 1-0

[Event "Let's Play Chess!"]
[Site "http://www.queenalice.com/game.php?id=449573"]
[Date "2008.8.16"]
[Round "-"]
[White "CampbellMarcel"]
[Black "Powerslave"]
[Result "0-1"]
[WhiteElo "1745"]
[BlackElo "1789"]

1. e4 c5 2. f4 d5 3. exd5 Nf6 4. Bb5+ Bd7 5. a4 Bxb5 6. axb5 Qxd5 7. Qf3 e6 8.
Nc3 Qxf3 9. Nxf3 Nbd7 10. O-O Bd6 11. d4 cxd4 12. Nxd4 O-O 13. Be3 Ng4 14. Bd2
Bc5 15. Ne2 e5 16. fxe5 Ngxe5 17. Kh1 Nc4 18. Bc3 Ne3 19. Rfc1 Ng4 20. b4 Nf2+
21. Kg1 Bxd4 22. Nxd4 Ne4 23. Bb2 Nb6 24. Nf5 f6 25. Ne7+ Kf7 26. Re1 Rfe8 27.
Nf5 Nd5 28. Re2 Nxb4 29. c3 Nd3 30. Ba3 Nf4 31. Nd6+ Nxd6 32. Rxe8 Nxe8 33. Re1
Ne6 34. c4 Rc8 35. Rc1 Nc5 36. Re1 b6 37. g4 Nd6 38. Rd1 Rd8 39. h4 Ke7 40. Re1+
Kd7 41. Rd1 Kc7 42. Bc1 Ne6 43. g5 fxg5 44. hxg5 Nxc4 45. Rxd8 Kxd8 0-1

[Event "Let's Play Chess!"]
[Site "http://www.queenalice.com/game.php?id=470901"]
[Date "2008.10.1"]
[Round "-"]
[White "Powerslave"]
[Black "Viper3910"]
[Result "1/2-1/2"]
[WhiteElo "1805"]
[BlackElo "1904"]

1. c4 e5 2. Nc3 Bc5 3. e3 d6 4. g3 Nc6 5. Bg2 Bd7 6. Nf3 Qf6 7. Nd5 Qd8 8. d4
Bb4+ 9. Nxb4 Nxb4 10. dxe5 dxe5 11. Nxe5 Qe7 12. Nxd7 Qxd7 13. Qxd7+ Kxd7 14.
O-O Rd8 15. Rd1+ Kc8 16. Rxd8+ Kxd8 17. Bxb7 Ne7 18. Bd2 Nbc6 19. Bxc6 Nxc6 20.
Bc3 f6 21. Rd1+ Kc8 22. b4 Rd8 23. Rxd8+ Nxd8 24. Bd4 a6 25. a4 c6 26. b5 cxb5
27. cxb5 axb5 28. axb5 Kb7 29. Bc5 Ne6 30. Bd4 Kc7 1/2-1/2

[Event "Let's Play Chess!"]
[Site "http://www.queenalice.com/game.php?id=471097"]
[Date "2008.10.1"]
[Round "-"]
[White "MalucoO"]
[Black "Powerslave"]
[Result "1-0"]
[WhiteElo "2110"]
[BlackElo "1809"]

1. e4 c6 2. d4 d5 3. exd5 cxd5 4. c4 Nf6 5. Nc3 Nc6 6. Nf3 Bg4 7. Be3 e6 8. c5
Be7 9. h3 Bxf3 10. Qxf3 O-O 11. Bb5 Nb4 12. O-O a6 13. Be2 Nc2 14. Rac1 Nxe3 15.
fxe3 Nd7 16. a3 f5 17. b4 Rc8 18. a4 Nf6 19. Bd3 Ne4 20. Bxe4 fxe4 21. Qg3 Qd7
22. b5 axb5 23. axb5 Rxf1+ 24. Rxf1 Ra8 25. Qf4 Rf8 26. Qg3 Rxf1+ 27. Kxf1 Qc8
28. Qe5 Qf8+ 29. Kg1 1-0

[Event "Challenge"]
[Site "http://www.queenalice.com/game.php?id=478598"]
[Date "2008.10.17"]
[Round "-"]
[White "ORNELAS"]
[Black "Powerslave"]
[Result "0-1"]
[WhiteElo "1629"]
[BlackElo "1817"]

1. e4 d6 2. d3 e5 3. c4 Nc6 4. a3 g6 5. Nf3 Bg7 6. Bg5 Nge7 7. Qd2 h6 8. Bh4 O-O
9. g3 g5 10. Nxg5 hxg5 11. Bxg5 Nd4 12. Bg2 Bh3 13. Bxh3 Nf3+ 14. Kf1 Nxd2+ 15.
Nxd2 f6 16. Be6+ Kh8 17. Be3 Qe8 18. h4 Qh5 19. Kg2 Bh6 20. Bxh6 Qxh6 21. Nf3
Nc6 22. b4 Nd4 23. Nxd4 exd4 24. f4 Rae8 25. Bf5 Rg8 26. Kf3 c6 27. Rag1 Re7 28.
g4 d5 29. cxd5 cxd5 30. h5 dxe4+ 31. Bxe4 Rc7 32. Bd5 Re8 33. Re1 Rce7 34. Rxe7
Rxe7 35. Be4 Rc7 36. Re1 Qf8 37. Bf5 Re7 38. Be4 Qc8 39. h6 Qc3 40. Re2 Qxa3 41.
h7 Qxb4 42. Rg2 Qe1 43. Re2 Qh1+ 44. Rg2 Rxh7 45. Bxh7 Kxh7 46. Kg3 Qxg2+ 47.
Kxg2 a5 48. Kf3 a4 49. Ke4 a3 50. Kxd4 a2 51. Kd5 a1=Q 52. d4 b5 53. Ke4 b4 54.
d5 Qa8 55. f5 b3 56. Kd4 b2 57. g5 b1=Q 58. g6+ Kg7 59. d6 Qd1+ 60. Kc5 Qad5+
61. Kb6 Qxd6+ 62. Ka5 Qb1 63. Ka4 Qa6# 0-1

[Event "Let's Play Chess!"]
[Site "http://www.queenalice.com/game.php?id=478719"]
[Date "2008.10.17"]
[Round "-"]
[White "Powerslave"]
[Black "ZZZZ"]
[Result "1-0"]
[WhiteElo "1805"]
[BlackElo "1696"]

1. c4 e5 2. Nc3 Bc5 3. e3 g6 4. d4 exd4 5. exd4 Bb4 6. Nf3 Qe7+ 7. Be2 Nf6 8. a3
Bxc3+ 9. bxc3 d6 10. Bg5 h6 11. Bxf6 Qxf6 12. O-O g5 13. Re1 h5 14. Bd3+ Kf8 15.
Qd2 g4 16. Ng5 Bf5 17. Qf4 Rg8 18. Nh7+ Bxh7 19. Qxf6 Bxd3 20. Qh6+ Rg7 21. Qh8+
Rg8 22. Re8+ Kxe8 23. Qxg8+ Ke7 24. Re1+ Kf6 25. Qh8+ Kg5 26. Re8 a5 27. Rxb8
Ra6 28. Rg8+ Kh4 29. g3+ 1-0

[Event "Let's Play Chess!"]
[Site "http://www.queenalice.com/game.php?id=695747"]
[Date "2009.12.10"]
[Round "-"]
[White "Powerslave"]
[Black "extermination"]
[Result "1-0"]
[WhiteElo "1825"]
[BlackElo "1500"]

1. c4 e5 2. Nc3 Nf6 3. Nf3 Nc6 4. e4 Bc5 5. Nxe5 Nxe5 6. d4 Nf3+ 7. gxf3 Bb4 8.
e5 Bxc3+ 9. bxc3 Nh5 10. h4 d6 11. f4 dxe5 12. Qxh5 O-O 13. Bd3 exd4 14. Qxh7#
1-0

[Event "Let's Play Chess!"]
[Site "http://www.queenalice.com/game.php?id=695748"]
[Date "2009.12.10"]
[Round "-"]
[White "extermination"]
[Black "Powerslave"]
[Result "1-0"]
[WhiteElo "1788"]
[BlackElo "1788"]

1. e4 d6 2. d4 Nf6 3. Nc3 Nbd7 4. Nf3 e5 5. d5 Be7 6. Bb5 O-O 7. Bg5 Ne8 8. h4
h6 9. Be3 f5 10. g3 f4 11. gxf4 exf4 12. Bd4 Bf6 13. Bxf6 Qxf6 14. Qe2 Ne5 15.
Bxe8 Nxf3+ 16. Qxf3 Rxe8 17. O-O-O a6 18. Ne2 Bd7 19. Rhg1 Qxh4 20. Rh1 Qg4 21.
Qc3 Qxe2 22. Rdg1 Re7 23. Rxh6 Qxf2 24. Rhg6 1-0

[Event "Challenge"]
[Site "http://www.queenalice.com/game.php?id=695902"]
[Date "2009.12.10"]
[Round "-"]
[White "filomenos"]
[Black "Powerslave"]
[Result "1-0"]
[WhiteElo "1894"]
[BlackElo "1800"]

1. d4 d6 2. g3 Nf6 3. Bg2 Nbd7 4. Nf3 c6 5. O-O e5 6. c3 Be7 7. dxe5 Nxe5 8. Bf4
Nxf3+ 9. Bxf3 d5 10. Re1 Bf5 11. Nd2 O-O 12. e4 dxe4 13. Nxe4 Nxe4 14. Bxe4 Bxe4
15. Rxe4 Re8 16. Qg4 Bf6 17. Rae1 Rxe4 18. Rxe4 g6 19. Qe2 1-0

[Event "Challenge"]
[Site "http://www.queenalice.com/game.php?id=695903"]
[Date "2009.12.10"]
[Round "-"]
[White "Powerslave"]
[Black "filomenos"]
[Result "0-1"]
[WhiteElo "1813"]
[BlackElo "1881"]

1. c4 d5 2. cxd5 Qxd5 3. Nc3 Qd8 4. Nf3 Nf6 5. d4 g6 6. Bf4 c6 7. e4 Bg7 8. Qd2
Bg4 9. Ne5 Nbd7 10. Nxg4 Nxg4 11. Be2 Ngf6 12. O-O O-O 13. Bh6 Re8 14. Bxg7 Kxg7
15. Rad1 Nb6 16. f4 Qc7 0-1

[Event "Let's Play Chess!"]
[Site "http://www.queenalice.com/game.php?id=696673"]
[Date "2009.12.12"]
[Round "-"]
[White "Powerslave"]
[Black "leduar"]
[Result "0-1"]
[WhiteElo "1828"]
[BlackElo "1852"]

1. c4 c5 2. Nc3 Nc6 3. Nf3 g6 4. e3 Bg7 5. d4 d6 6. d5 Na5 7. Bd3 Nh6 8. O-O O-O
9. e4 Ng4 10. h3 Ne5 11. Nxe5 Bxe5 12. Bh6 Bg7 13. Qd2 e5 14. Be3 f5 15. f3 f4
16. Bf2 Qg5 17. h4 Qf6 18. Nb5 a6 0-1

[Event "Let's Play Chess!"]
[Site "http://www.queenalice.com/game.php?id=972316"]
[Date "2011.8.13"]
[Round "-"]
[White "Powerslave"]
[Black "Djalma1963Capela"]
[Result "1-0"]
[WhiteElo "1788"]
[BlackElo "1167"]

1. Nf3 d5 2. b3 g6 3. Bb2 f6 4. e3 Nc6 5. Bb5 Nh6 6. Nd4 Bg4 7. Bxc6+ bxc6 8.
Nxc6 Qd7 9. f3 Qxc6 10. fxg4 Nxg4 11. Qxg4 Qxc2 12. Ba3 f5 13. Qd4 Bg7 14. Qxg7
O-O-O 15. Qc3 Qe4 16. Qd4 Qxg2 17. Rf1 Rhe8 18. Qxa7 Qe4 19. Nc3 Qh4+ 20. Kd1
Kd7 21. Qa4+ c6 22. Qxh4 Ra8 23. Bb2 Rf8 24. Na4 Rg8 25. Nb6+ Kd6 26. Nxa8 Rxa8
27. Qxh7 g5 28. Rxf5 g4 29. Be5+ Kc5 30. Qxe7+ Kb5 31. Qb7+ Kc5 32. Qxa8 1-0

[Event "Let's Play Chess!"]
[Site "http://www.queenalice.com/game.php?id=972318"]
[Date "2011.8.13"]
[Round "-"]
[White "Djalma1963Capela"]
[Black "Powerslave"]
[Result "1/2-1/2"]
[WhiteElo "1138"]
[BlackElo "1790"]

1. e4 c6 2. Bc4 d5 3. exd5 cxd5 4. Bb5+ Nc6 5. d4 Nf6 6. Nf3 Bg4 7. O-O e6 8.
Bxc6+ bxc6 9. Nc3 Ne4 10. h3 Nxc3 11. bxc3 Bh5 12. Bg5 Be7 13. Bf4 Bd6 14. Be3
Rb8 15. Rb1 O-O 16. Bg5 f6 17. Qe1 fxg5 18. Qxe6+ Bf7 19. Qf5 Bg6 20. Qe6+ Kh8
21. Nxg5 Bf4 22. h4 Bxg5 23. hxg5 Qxg5 24. Qd6 Rbe8 25. Rbe1 Qd8 26. Qxc6 Rxe1
27. Rxe1 Bxc2 28. Re5 Be4 29. f3 Qh4 30. Re8 Qe1+ 31. Kh2 Qh4+ 32. Kg1 Qe1+ 33.
Kh2 Qh4+ 34. Kg1 1/2-1/2

[Event "Let's Play Chess!"]
[Site "http://www.queenalice.com/game.php?id=977996"]
[Date "2011.8.28"]
[Round "-"]
[White "Powerslave"]
[Black "adelio"]
[Result "1-0"]
[WhiteElo "1790"]
[BlackElo "1660"]

1. Nf3 c5 2. b3 Nc6 3. Bb2 Nf6 4. e3 g6 5. Bxf6 exf6 6. c4 Bg7 7. Nc3 O-O 8. Rc1
Re8 9. Be2 d6 10. O-O g5 11. h3 f5 12. Ne1 Ne5 13. Nd3 g4 14. Nf4 Qg5 15. g3
Nf3+ 16. Bxf3 gxf3 17. Qxf3 Rb8 18. Ncd5 Be5 19. Qh5 Bxf4 20. Nxf4 Qxh5 21. Nxh5
Re6 22. Nf4 Rh6 23. d4 Bd7 24. f3 Kh8 25. Kf2 Rg8 26. Rfd1 b6 27. dxc5 bxc5 28.
Rd5 Rg5 29. Rcd1 Bc6 30. Rxd6 Rxd6 31. Rxd6 Bb7 32. Rd7 Bc6 33. Rxf7 Rg7 34.
Rxf5 Kg8 35. Ne6 Rf7 36. Rxf7 Kxf7 37. Nd8+ Ke8 38. Nxc6 a6 39. e4 Kd7 40. Nb8+
Kd6 41. Nxa6 h5 42. Nxc5 Kxc5 43. a4 Kb4 44. e5 Kxb3 45. e6 Kxc4 46. e7 h4 47.
e8=Q hxg3+ 48. Kxg3 Kb4 49. Qb5+ Kc3 50. a5 Kd4 51. a6 Kc3 52. a7 Kd4 53. a8=Q
Ke3 54. Qe4+ Kd2 55. Qb2+ Kd1 56. Qee2# 1-0

[Event "Challenge"]
[Site "http://www.queenalice.com/game.php?id=982438"]
[Date "2011.9.7"]
[Round "-"]
[White "albemo"]
[Black "Powerslave"]
[Result "1-0"]
[WhiteElo "1547"]
[BlackElo "1801"]

1. f4 d6 2. Nf3 Bg4 3. e3 e5 4. fxe5 dxe5 5. Be2 e4 6. Nd4 Qh4+ 7. g3 Bxe2 8.
Qxe2 Qd8 9. O-O c5 10. Nb3 Nf6 11. d3 Nc6 12. dxe4 Qe7 13. Nc3 O-O-O 14. Na4
Nxe4 15. Rf4 Qe6 16. Nc3 Nxc3 17. bxc3 h5 18. Ba3 h4 19. Qg4 Qxg4 20. Rxg4 hxg3
21. hxg3 b6 22. Rf1 f6 23. Kg2 Ne5 24. Rgf4 c4 25. Bxf8 cxb3 26. Bxg7 bxc2 27.
Rd4 Rdg8 28. Bxh8 Rxh8 29. Rc1 Kb7 30. Rxc2 Rc8 31. Rd6 Nc4 32. Re6 Rd8 33. Kf3
f5 34. Rf6 Rd3 35. Re6 Na3 36. Ke2 Rxe3+ 37. Kxe3 Nxc2+ 38. Kf4 1-0

[Event "OS INCLIVEIS"]
[Site "http://www.queenalice.com/game.php?id=984718"]
[Date "2011.9.13"]
[Round "-"]
[White "adelio"]
[Black "Powerslave"]
[Result "0-1"]
[WhiteElo "1734"]
[BlackElo "1775"]

1. e4 c5 2. e5 d6 3. Qe2 dxe5 4. Qxe5 e6 5. Nf3 Nc6 6. Bb5 Nf6 7. O-O Bd6 8.
Bxc6+ bxc6 9. Qg5 h6 10. Qxg7 Rh7 11. Qxh7 Nxh7 12. d3 Ba6 13. Bxh6 Rb8 14. b3
Qf6 15. Nbd2 Qxh6 16. Ne4 Bf4 17. Nxc5 Ng5 18. g3 Nxf3+ 19. Kg2 Qh5 20. Ne4 Be5
21. c3 Bxd3 22. Rfe1 Nxe1+ 23. Rxe1 Be2 24. Nd2 Bxc3 25. Rxe2 Qxe2 26. Nf3 Be1
27. Nh4 Qxf2+ 28. Kh3 Qxa2 29. Nf3 Bf2 30. Ne5 Rxb3 31. Ng4 Bxg3 32. hxg3 Rb2
33. Kh4 Rh2+ 34. Nxh2 Qxh2+ 35. Kg4 a5 36. Kf3 a4 37. Kg4 a3 38. Kf3 a2 39. Kg4
a1=Q 40. Kf3 Qf6+ 41. Ke3 Qxg3+ 42. Kd2 Qb2+ 43. Kd1 Qg1# 0-1

[Event "Let's Play Chess!"]
[Site "http://www.queenalice.com/game.php?id=1078935"]
[Date "2012.7.3"]
[Round "-"]
[White "Powerslave"]
[Black "CastleMysterio"]
[Result "1-0"]
[WhiteElo "1789"]
[BlackElo "1100"]

1. e4 Nc6 2. Nc3 e6 3. d4 d5 4. Nf3 dxe4 5. Nxe4 Qd5 6. Bd3 Bd7 7. c4 Bb4+ 8.
Bd2 Qa5 9. Nc3 Bxc3 10. Bxc3 Qh5 11. d5 Qg4 12. dxc6 1-0

[Event "Let's Play Chess!"]
[Site "http://www.queenalice.com/game.php?id=1079124"]
[Date "2012.7.4"]
[Round "-"]
[White "Maltese_Falcon"]
[Black "Powerslave"]
[Result "1-0"]
[WhiteElo "1907"]
[BlackElo "1765"]

1. e4 Nf6 2. e5 Nd5 3. d4 d6 4. Nf3 Nc6 5. c4 Nb6 6. e6 fxe6 7. Nc3 g6 8. h4 Bg7
9. Be3 e5 10. d5 Na5 11. b3 Bf5 12. Be2 e4 13. Nd4 c5 14. Nxf5 Bxc3+ 15. Bd2
Bxd2+ 16. Qxd2 gxf5 17. Qxa5 Rg8 18. Bh5+ Kd7 19. O-O Qf8 20. f3 e3 21. f4 Qg7
22. Bf3 Qd4 23. Qe1 Raf8 24. Rd1 Qxf4 25. Rd3 Rg7 26. Rxe3 Rfg8 27. h5 Qg5 28.
Qe2 Qh4 29. Qf2 Rg3 30. Rfe1 Nc8 31. Kf1 f4 32. Re4 Qh2 33. Rxf4 R3g7 34. Rh4
Qg3 35. Qxg3 Rxg3 36. Ree4 Rf8 37. Ref4 Rgg8 38. Rxf8 Rxf8 39. Rg4 Rf6 40. Rg7
h6 41. Ke2 Nb6 42. Bg4+ Kd8 43. g3 a6 44. Be6 Ke8 45. Ke3 Kd8 46. Rg6 Nd7 47.
Rxf6 Nxf6 48. Bf7 Ne8 49. Bxe8 Kxe8 50. Ke4 Kf8 51. Kf5 1-0

[Event "Let's Play Chess!"]
[Site "http://www.queenalice.com/game.php?id=1080301"]
[Date "2012.7.8"]
[Round "-"]
[White "Powerslave"]
[Black "digger"]
[Result "0-1"]
[WhiteElo "1791"]
[BlackElo "1530"]

1. Nf3 d5 2. g3 Bg4 3. Bg2 c6 4. O-O Qd6 5. d3 e5 6. Nbd2 Bxf3 7. exf3 Nd7 8.
Re1 O-O-O 9. Nb3 f5 10. Qd2 f4 11. Bh3 Nf6 12. Qa5 a6 13. Nc5 Qxc5 0-1

[Event "Let's Play Chess!"]
[Site "http://www.queenalice.com/game.php?id=1082087"]
[Date "2012.7.13"]
[Round "-"]
[White "Powerslave"]
[Black "spawnwolfwolverine"]
[Result "0-1"]
[WhiteElo "1755"]
[BlackElo "1747"]

1. e4 e5 2. f4 exf4 3. Nf3 d6 4. d4 Bg4 5. Bxf4 Nf6 6. Nc3 Be7 7. Bc4 c6 8. O-O
b5 9. Bd3 O-O 10. h3 Bxf3 11. Qxf3 a5 12. g4 Nbd7 13. g5 b4 14. gxf6 Nxf6 15.
Ne2 c5 16. e5 dxe5 0-1